书目信息 |
| 题名: |
食品药品安全监管工作指南
|
|
| 作者: | 顾振华 主编 | |
| 分册: | ||
| 出版信息: | 上海 上海科学技术出版社 2017.01 |
|
| 页数: | 659页 | |
| 开本: | 26cm | |
| 丛书名: | ||
| 单 册: | ||
| 中图分类: | R155.5-62 , R954-62 | |
| 科图分类: | ||
| 主题词: | 食品卫生--监管制度--中国--指南 , 药品管理--监管制度--中国--指南 | |
| 电子资源: | ||
| ISBN: | 978-7-5478-3292-9 | |
| 000 | 00961nam0 2200241 450 | |
| 001 | 3771 | |
| 005 | 20181008144748.24 | |
| 010 | @a978-7-5478-3292-9@b精装@dCNY98.00 | |
| 100 | @a20170524d2017 em y0chiy50 ea | |
| 101 | 0 | @achi |
| 102 | @aCN@b310000 | |
| 105 | @aa z 000yy | |
| 200 | 1 | @a食品药品安全监管工作指南@9shi pin yao pin an quan jian guan gong zuo zhi nan@f顾振华主编 |
| 210 | @a上海@c上海科学技术出版社@d2017.01 | |
| 215 | @a659页@c图@d26cm | |
| 330 | @a本书是食品(保健食品)、药品、化妆品、医疗器械安全监管工作实践经验的总结,旨在对食品药品监管工作的依据、要求、工作程序和操作方法等进行指导和规范。全书分行政许可、行政检查、行政处罚、监测抽检、举报投诉、突发事故处置、行政管理7篇,共25章。 | |
| 606 | 0 | @a食品卫生@x监管制度@y中国@j指南 |
| 606 | 0 | @a药品管理@x监管制度@y中国@j指南 |
| 690 | @aR155.5-62@v5 | |
| 690 | @aR954-62@v5 | |
| 701 | 0 | @a顾振华@9gu zhen hua@4主编 |
| 801 | 0 | @aCN@b91MARC@c20170524 |
| 905 | @aMuseLib@dR155.5-62@e131 | |
| 食品药品安全监管工作指南/顾振华主编.-上海:上海科学技术出版社,2017.01 |
| 659页:图;26cm |
| ISBN 978-7-5478-3292-9(精装):CNY98.00 |
| 本书是食品(保健食品)、药品、化妆品、医疗器械安全监管工作实践经验的总结,旨在对食品药品监管工作的依据、要求、工作程序和操作方法等进行指导和规范。全书分行政许可、行政检查、行政处罚、监测抽检、举报投诉、突发事故处置、行政管理7篇,共25章。 |
| ● |
| 相关链接 |
|
|
|
|
正题名:食品药品安全监管工作指南
索取号:R155.5-62/131
 
预约/预借
| 序号 | 登录号 | 条形码 | 馆藏地/架位号 | 状态 | 备注 |
| 1 | 1123647 | 211236474 | 第二样本阅览室/ [索取号:R155.5-62/131] | 在馆 | |
| 2 | 1123648 | 211236483 | 第三借阅区/ [索取号:R155.5-62/131] | 在馆 | |
| 3 | 1123649 | 211236492 | 密集书库-生命科学系/ [索取号:R155.5-62/131] | 在馆 | |
| 4 | 1123650 | 211236508 | 第三借阅区/ [索取号:R155.5-62/131] | 在馆 | |
| 5 | 1123651 | 211236517 | 第三借阅区/ [索取号:R155.5-62/131] | 在馆 |